| 000 | 01594nam a22002777a 4500 | ||
|---|---|---|---|
| 999 |
_c22158 _d22158 |
||
| 003 | AR-CdUCM | ||
| 008 | 190425b ||||| |||| 00| 0 spa d | ||
| 040 |
_aMUNICIPALIDAD PROVINCIAL DEL CUSCO _cBIBLIOTECA MUNICIPAL DEL CUSCO |
||
| 082 | _aOropesa/N°33/1999 | ||
| 245 |
_aOropesa : _brevista de cultura y educación de opinión y crítica / _cAmérico Valer Vargas, Director |
||
| 260 |
_aCusco. _bPantigozo, _c1999. |
||
| 300 |
_a22 páginas. : _bilustraciones ; _c30 cm. |
||
| 440 |
_aOropesa. _nAño XVIII, N°XXXIII, diciembre 1999. _947569 |
||
| 505 | _aContenido: Homenaje a las bodas de oro del Archivo Departamental del Cusco. Roberto Cáceres Olivera. -- El Ayer y el presente de una celebración tradicional el mes morado en Lima y en los Estados Unidos la tradicional del Señor de los Milagros en Lima. Washington Canal Astete. -- Perspectivas del Cusco para el próximo milenio. Adolfo Saloma Gonzáles -- La reelección presidencial en América Latina. José Béjar Quispe. -- El SUTEP creación histórica del Magisterio peruano. Efraín Portillo Esquivel.-- Personajes y acontecimientos en el Cusco del siglo XX. Víctor Manuel Solorzano Arenas. ... | ||
| 650 |
_aPolítica cusqueña _947381 |
||
| 650 |
_aCultura andina _947570 |
||
| 650 |
_aSociedad cusqueña _947493 |
||
| 650 |
_aSiglo XX _947561 |
||
| 700 |
_aCáceres Olivera, Roberto _946587 |
||
| 700 |
_aCanal Astete, Washington _947571 |
||
| 700 |
_aBéjar Quispe, José _96070 |
||
| 700 |
_aSaloma Gonzáles, Adolfo _947572 |
||
| 700 |
_aPortillo Esquivel, Efraín _947573 |
||
| 942 |
_2ddc _cPP |
||
| 945 | _arac | ||